Canciones más reproducidas de Aitana - Estadísticas

Estadísticas generales
  • Esta prueba ha sido intentada 102 veces
  • La puntuación promedio es 10 de 15
Estadísticas de respuestas
Feat Canción % Correcto
Ana Guerra Lo Malo
87%
Quevedo GRAN VÍA
86%
Sangiovanni mariposas
79%
Nicki Nicole Formentera
75%
Zzoilo Mon Amour - Remix
71%
- Vas a Quedarte
70%
Cali & el Dandee + (MÁS)
69%
David Bisbal Si Tú La Quieres
67%
Morat Presiento
64%
- TELÉFONO
64%
Emilia, Ptazeta Quieres
58%
Sebastián Yatra CORAZÓN SIN VIDA
49%
Morat Más De Lo Que Aposté
45%
- Con La Miel En Los Labios
43%
- Los Ángeles
36%
No se encontraron pruebas coincidentes
Distribución de puntuación
Porcentaje de gente con cada puntuación
Porcentaje por número respondido
Historial de tus puntuaciones
No has intentado esta prueba.